00699cam a22002291 4500001001300000003000400013005001700017008004100034010001700075035002000092040003400112042001200146050002500158082001600183100002400199245004200223260004800265300002100313440005400334504006400388999001700452l 49000055 DLC20260227111541.0931015s1949 dcu b f000 0 eng c al 49000055  a(OCoLC)29021008 aU.S. Dept. of LaborcOrUdDLC apremarc00aHD6093b.A35 no. 231 a331.48135221 aDougherty, Mildred.14aThe outlook for women in police work. aWashington,bU.S. Govt. Print. Off.,c1949. av, 31 p.c24 cm. 0aBulletin (United States. Women's Bureau)vno. 231 a"Sources to which reference is made in the text": p. 30-31. c36650d36650